| 000 | 00744nam a2200241 i 4500 | ||
|---|---|---|---|
| 001 | 147375 | ||
| 003 | ES-MaACL | ||
| 005 | 20230906201951.0 | ||
| 007 | t| | ||
| 008 | 070928s1971 sp ||||1| spa d | ||
| 080 | _a821.134.2-4"19" | ||
| 080 | _a930.85(460) | ||
| 100 | 1 |
_aUnamuno, Miguel de, _d1864-1936 _9111982 |
|
| 245 | 1 | 0 |
_aEn torno al casticismo / _cMiguel de Unamuno ; estudio y edición de Francisco Fernández Turienzo. |
| 260 |
_aMadrid : _bAlcalá, _c[1971] |
||
| 300 |
_a297 p. ; _c18 cm. |
||
| 490 | 1 |
_aAula magna ; _v25 |
|
| 651 | 4 |
_aEspaña- _xCivilización. _98163 |
|
| 700 | 1 |
_aFernández Turienzo, Francisco. _950128 |
|
| 830 | 1 |
_aAula magna ; _v25 _9186555 |
|
| 852 |
_aES-MaACL _jC-42026 |
||
| 999 |
_c147375 _d147375 |
||